| Record ID | ia:darlingbudsofmay0000bate |
| Source | Internet Archive |
| Download MARC XML | https://archive.org/download/darlingbudsofmay0000bate/darlingbudsofmay0000bate_marc.xml |
| Download MARC binary | https://www.archive.org/download/darlingbudsofmay0000bate/darlingbudsofmay0000bate_meta.mrc |
LEADER: 01297cam 2200385Mi 4500
001 ocn898951420
003 OCoLC
005 20210106203022.0
008 901121s1987 xxk e 000 0 eng d
040 $aNLGGC$bdut$efobidrtb$cNLGGC$dOCLCO$dOCLCF$dOCLCO$dOCLCA$dOCL
020 $a0140016023
020 $a9780140016024
020 $a0140139346
020 $a9780140139341
035 $a(OCoLC)898951420
050 4 $aPR6003.A965$bD3 1961
082 04 $a823
100 1 $aBates, H.E.$q(Herbert Ernest),$d1905-1974.
245 14 $aThe darling buds of May /$cH.E. Bates.
250 $aRepr.
260 $aHarmondsworth :$bPenguin Books,$c1987.
300 $a157 p. ;$c19 cm.
336 $atekst$btxt$2rdacontent/dut
337 $azonder medium$bn$2rdamedia/dut
338 $aband$bnc$2rdacarrier/dut
500 $a1e uitg.: London : Joseph, 1958.
650 0 $aLarkin family (Fictitious characters)$xFiction.
650 0 $aCountry life$zEngland$xFiction.
650 7 $aCountry life.$2fast$0(OCoLC)fst00881405
650 7 $aLarkin family (Fictitious characters)$2fast$0(OCoLC)fst00992703
651 7 $aEngland.$2fast$0(OCoLC)fst01219920
655 7 $aFiction.$2fast$0(OCoLC)fst01423787
029 0 $aNLGGC$b067430775
994 $aZ0$bP4A
948 $hNO HOLDINGS IN P4A - 2 OTHER HOLDINGS